Statistiques concernant Tailles d'une bouteille de Champagne

Cliquez ici pour prendre le quiz!

Statistiques générales

  • Ce quiz a été pris 167 fois
  • Le résultat moyen est 5 sur 17

Statistiques - réponses

VOLUMEREPONSE% Correct
1.5 LMagnum
92%
75 clBouteille
70%
3 LJéroboam
66%
6 LMathusalem
55%
15 LNabuchodonosor
37%
12 LBalthazar
36%
20 clQuart
31%
18.75 clQuart
31%
9 LSalmanazar
21%
37.5 clDemie
20%
18 LSalomon
18%
4.5 LRéhoboam
14%
27 LPrimat
11%
60 clMédium
10%
9.4 clHuitième
8%
26.25 LSouverain
8%
30 LMelchisédech
7%

Distribution des résultats

Percentile par nombre de réponses

% des personnes avec chaque résultat

Votre développement - résultats

Vous n’avez pas pris ce quiz